Baby Boy Names Beginning with 'T' (2010) Quiz Stats

Quiz not verified by Sporcle

Challenge
Share
Tweet
Embed
Score 0/46 Timer 15:00
0 Plays Today
Overall Ranking Names % Correct
62.Thomas
97.4%
115.Timothy
92.5%
267.Ty
92.5%
34.Tyler
89.8%
593.Tommy
89.2%
915.Theo
82.6%
263.Theodore
82.4%
328.Taylor
82.1%
495.Terry
73.8%
167.Trevor
73.4%
344.Trent
67.9%
177.Travis
67.7%
631.Tomas
67.4%
383.Tony
66.8%
324.Trey
66%
84.Tristan
63.5%
176.Tanner
62.2%
590.Terrence
62.2%
670.Toby
60.2%
248.Troy
60%
815.Todd
59.5%
237.Tyson
54.9%
212.Trenton
51.5%
Overall Ranking Names % Correct
519.Tobias
49.9%
714.Tyrone
48.5%
204.Tucker
48.4%
568.Terrance
47.3%
987.Thaddeus
47%
523.Trace
41.8%
334.Tristen
41%
787.Tyrell
29.3%
394.Tate
29%
598.Tristin
28.5%
574.Triston
27.2%
671.Tripp
25.8%
397.Titus
24.1%
908.Trystan
22.6%
644.Terrell
22.2%
688.Teagan
21.5%
464.Talon
21.2%
741.Trevon
19.3%
947.Tyrese
16.9%
752.Tatum
16.8%
666.Tristian
15%
866.Tyree
14.6%
973.Talan
8.6%

You're not logged in!

Compare scores with friends on all Sporcle quizzes.
Sign Up with Email
OR
Log In

You Might Also Like...

Show Comments

Extras

Top Quizzes Today


Score Distribution

Your Account Isn't Verified!

In order to create a playlist on Sporcle, you need to verify the email address you used during registration. Go to your Sporcle Settings to finish the process.

Report this User

Report this user for behavior that violates our Community Guidelines.

Details: